书目信息 |
| 题名: |
艺术设计制图习题集
|
|
| 作者: | 王明海 , 彭慧敏 主编 | |
| 分册: | ||
| 出版信息: | 北京 高等教育出版社 2009 |
|
| 页数: | 100页 | |
| 开本: | 26×37cm | |
| 丛书名: | ||
| 单 册: | ||
| 中图分类: | TB23-44 , TH126-44 | |
| 科图分类: | ||
| 主题词: | 工程制图--高等教育--习题 , 机械制图--高等教育--习题 | |
| 电子资源: | ||
| ISBN: | 978-7-04-026288-9 | |
| 000 | 00896nam0 2200277 450 | |
| 001 | 0101806478 | |
| 005 | 20091202143222.0 | |
| 010 | @a978-7-04-026288-9@dCNY17.80 | |
| 100 | @a20091120d2009 em y0chiy0120 ea | |
| 101 | 0 | @achi |
| 102 | @aCN@b110000 | |
| 105 | @aa q 000yy | |
| 106 | @ar | |
| 200 | 1 | @a艺术设计制图习题集@9Yi Shu;Zhu She Ji Zhi Tu Xi Ti Ji @f王明海,彭慧敏主编@b专著 |
| 210 | @a北京@c高等教育出版社@d2009 | |
| 215 | @a100页@d26×37cm | |
| 300 | @a普通高等教育“十一五”国家级规划教材 | |
| 330 | @a本书分为三大部分:投影理论基础、透视图画法及阴影绘制、工程制图基础知识。 | |
| 606 | 0 | @a工程制图@x高等教育@x习题 |
| 606 | 0 | @a机械制图@x高等教育@x习题 |
| 690 | @aTB23-44@v4 | |
| 690 | @aTH126-44@v4 | |
| 701 | 0 | @a王明海@f(1951~)@4主编@9wang ming hai |
| 701 | 0 | @a彭慧敏@4主编@9peng hui min |
| 801 | 0 | @aCN@b110019@c20090709 |
| 905 | @aBZT@dTB23@e31@f1@sTB23/31 | |
| 艺术设计制图习题集/王明海,彭慧敏主编.-北京:高等教育出版社,2009 |
| 100页;26×37cm |
| 普通高等教育“十一五”国家级规划教材 |
| ISBN 978-7-04-026288-9:CNY17.80 |
| 本书分为三大部分:投影理论基础、透视图画法及阴影绘制、工程制图基础知识。 |
| ● |
| 相关链接 |
|
|
|
正题名:艺术设计制图习题集
索取号:TB23/31
 
预约/预借
| 序号 | 登录号 | 条形码 | 馆藏地/架位号 | 状态 | 备注 |
| 1 | 2000010018 | 2000010018 | 旧书回溯/ [索取号:TB23/31] | 在馆 |